000 00444nab a2200145Ia 4500
003 ES-SlBCS
005 20210601142913.0
008 140529s2008 xxu||||| |||| 00| 0 spa d
041 _aspa
100 1 _aPérez Morales, Ovidio
_9115719
245 0 0 _aEclesiología del Concilio Plenario de Venezuela
_c Ovidio Pérez Morales
650 0 4 _aEclesiología
_990868
773 0 _tIter
_gvol. 19, nº. 45-46, 2008, págs. 145-172
_wRev385
942 _cAR
999 _c683892
_d683892